| 000 | 00907akm a2200349a 44500 | ||
|---|---|---|---|
| 008 | 960122s1988 cat | ||
| 017 | _aB-39536-1988 | ||
| 041 | _acat | ||
| 080 | _a572.9(038) | ||
| 110 |
_aLliga dels Drets dels Pobles _965021 |
||
| 245 | _aIndígenes, negres i hispans als EUA | ||
| 245 | _cLliga Dels Drets Dels Pobles. | ||
| 245 | _h[cartell] | ||
| 260 | _a[Barcelona] | ||
| 260 | _bGeneralitat de Catalunya. Direcció General de Política Lingüística | ||
| 260 | _c1988 | ||
| 300 | _bil. | ||
| 500 | _btermcat | ||
| 520 | _a18 | ||
| 591 | _a6787 | ||
| 592 | _aObra terminològica | ||
| 593 | _aONN | ||
| 594 | _a6787 | ||
| 650 |
_agrups ètnics _962443 |
||
| 650 |
_araces _962420 |
||
| 650 |
_atribus _965022 |
||
| 901 | _cDL <1988> | ||
| 902 | _a960122 | ||
| 942 |
_cMO _n0 |
||
| 999 |
_c54151 _d54151 |
||